<?xml version='1.0' encoding='UTF-8'?>
  <record xmlns="http://www.loc.gov/MARC21/slim">
    <leader>00000cem a2200000 i 4500</leader>
    <controlfield tag="001">ocn980446463</controlfield>
    <controlfield tag="003">OCoLC</controlfield>
    <controlfield tag="005">20250225013843.8</controlfield>
    <controlfield tag="007">cr |||||||||||</controlfield>
    <controlfield tag="008">110202s1584    ne        a   o 0   dut d</controlfield>
    <datafield tag="040" ind1=" " ind2=" ">
      <subfield code="a">QGJ</subfield>
      <subfield code="b">dut</subfield>
      <subfield code="c">QGJ</subfield>
      <subfield code="d">QGJ</subfield>
      <subfield code="d">OCLCL</subfield>
      <subfield code="d">OCLCQ</subfield>
    </datafield>
    <datafield tag="035" ind1=" " ind2=" ">
      <subfield code="a">(OCoLC)980446463</subfield>
    </datafield>
    <datafield tag="041" ind1=" " ind2=" ">
      <subfield code="a">dut</subfield>
    </datafield>
    <datafield tag="084" ind1=" " ind2=" ">
      <subfield code="a">74.20</subfield>
      <subfield code="2">bcl</subfield>
    </datafield>
    <datafield tag="100" ind1="1" ind2=" ">
      <subfield code="a">Bruinsz, Pieter.</subfield>
    </datafield>
    <datafield tag="245" ind1="1" ind2="0">
      <subfield code="a">Bescrivinge der diepte vant Sparen beginnende van die ton tot Sparendam toe ende die diepte is of gestipt ende is gelegen tusschen die stipgis ende daer in die diepte geteijkent bij voeten ende is gepaeilt ende betrocken an[n]o 1584 in november /</subfield>
      <subfield code="c">bij mijn Pieter Bruinsz. gesworen lantmeter van Rijnlant en Kermerlant.</subfield>
    </datafield>
    <datafield tag="255" ind1=" " ind2=" ">
      <subfield code="a">Schaal [ca. 1:17.000].</subfield>
    </datafield>
    <datafield tag="264" ind1=" " ind2="1">
      <subfield code="a">[Plaats van vervaardiging niet vastgesteld],</subfield>
      <subfield code="c">1584.</subfield>
    </datafield>
    <datafield tag="300" ind1=" " ind2=" ">
      <subfield code="a">1 online resource (1 krt.) :</subfield>
      <subfield code="b">ms., in kleur ;</subfield>
      <subfield code="c">46 x 63 cm</subfield>
    </datafield>
    <datafield tag="336" ind1=" " ind2=" ">
      <subfield code="a">cartografische afbeelding</subfield>
      <subfield code="b">cri</subfield>
      <subfield code="2">rdacontent/dut</subfield>
    </datafield>
    <datafield tag="337" ind1=" " ind2=" ">
      <subfield code="a">computer</subfield>
      <subfield code="b">c</subfield>
      <subfield code="2">rdamedia/dut</subfield>
    </datafield>
    <datafield tag="338" ind1=" " ind2=" ">
      <subfield code="a">online bron</subfield>
      <subfield code="b">cr</subfield>
      <subfield code="2">rdacarrier/dut</subfield>
    </datafield>
    <datafield tag="500" ind1=" " ind2=" ">
      <subfield code="a">Manuscriptkaart.</subfield>
    </datafield>
    <datafield tag="533" ind1=" " ind2=" ">
      <subfield code="a">Electronic reproduction.</subfield>
      <subfield code="b">Utrecht:</subfield>
      <subfield code="c">Universiteitsbibliotheek Utrecht,</subfield>
      <subfield code="d">2011</subfield>
    </datafield>
    <datafield tag="535" ind1="1" ind2=" ">
      <subfield code="3">Print copy</subfield>
      <subfield code="a">Hoogheemraadschap van Rijnland, Leiden;</subfield>
      <subfield code="c">Netherlands;</subfield>
      <subfield code="g">ne</subfield>
    </datafield>
    <datafield tag="500" ind1=" " ind2=" ">
      <subfield code="a">Gedigitaliseerde versie: Hoogheemraadschap van Rijnland, Leiden (O.A. 122, 2533).</subfield>
    </datafield>
    <datafield tag="500" ind1=" " ind2=" ">
      <subfield code="a">Zie: Romein, J.E., ‘De kaart van het Spaarne van Pieter Bruinsz.’, in: ‘Kaartbulletin’ 34, december 1974, p. 16.</subfield>
    </datafield>
    <datafield tag="650" ind1=" " ind2="7">
      <subfield code="a">Diepte.</subfield>
      <subfield code="0">(NL-LeOCL)198479255.</subfield>
      <subfield code="2">gtt</subfield>
    </datafield>
    <datafield tag="651" ind1=" " ind2="7">
      <subfield code="a">Spaarne.</subfield>
      <subfield code="0">(NL-LeOCL)095983805.</subfield>
      <subfield code="2">gtt</subfield>
    </datafield>
    <datafield tag="655" ind1=" " ind2="7">
      <subfield code="a">Kaarten (vorm)</subfield>
      <subfield code="0">(NL-LeOCL)088143554.</subfield>
      <subfield code="2">gtt</subfield>
    </datafield>
    <datafield tag="758" ind1=" " ind2=" ">
      <subfield code="a">Bescrivinge der diepte vant Sparen beginnende van die ton tot Sparendam toe ende die diepte is of gestipt ende is gelegen tusschen die stipgis ende daer in die diepte geteijkent bij voeten ende is gepaeilt ende betrocken an[n]o 1584 in november (CartographicMaterial)</subfield>
      <subfield code="1">https://id.oclc.org/worldcat/entity/E39PCXQPPqJ9bCWfBw8DK8QrdP</subfield>
      <subfield code="4">https://id.oclc.org/worldcat/ontology/hasWork</subfield>
    </datafield>
    <datafield tag="856" ind1="4" ind2="0">
      <subfield code="u">http://objects.library.uu.nl/reader/resolver.php?obj=002335943&amp;type=2</subfield>
      <subfield code="x">Online</subfield>
      <subfield code="z">Map</subfield>
    </datafield>
    <datafield tag="936" ind1=" " ind2=" ">
      <subfield code="a">BATCHLOAD</subfield>
    </datafield>
  </record>